000 01189cam a22002891a 4500
001 e 19000178
003 DLC
005 20260227111210.0
008 840924s1919 dcua f000 0 eng c
010 _ae 19000178
035 _a(OCoLC)11190449
040 _aU.S. Office of Education. Library
_cABAU
_dABAU
_dDLC
042 _apremarc
043 _an-us---
050 0 0 _aL111
_b.A6 1918, no. 48
100 1 _aVan Sickle, James H.
_q(James Hixon),
_d1852-1926.
245 1 0 _aPublic education in the cities of the United States /
_cby J.H. Van Sickle, John Whyte, and W.S. Deffenbaugh.
260 _aWashington :
_bG.P.O.,
_c1919.
300 _a46 p. :
_bill. ;
_c23 cm.
490 1 _aBulletin / Dept. of the Interior, Bureau of Education ;
_v1918, no. 48
501 _aWith: Instruction in art in the United States / Walter Sargent. Washington : Govt. Print. Off., 1919. Bound together subsequent to publication.
_5DLC
650 0 _aEducation
_zUnited States.
650 0 _aPublic schools
_zUnited States.
700 1 _aWhyte, John,
_d1887-1952.
700 1 _aDeffenbaugh, W. S.
_q(Walter Sylvanus),
_d1872-
830 0 _aBulletin (United States. Bureau of Education) ;
_v1918, no. 48
999 _c20292
_d20292